|
|
|
|
| LEADER |
00000cam a22000007a 4500 |
| 001 |
6589 |
| 003 |
CZ-ZlUTB |
| 005 |
20190825232104.0 |
| 008 |
950218s1975 xr |||||r|||||||||||cze|d |
| 040 |
|
|
|a ZLD002
|b cze
|c ZLD002
|d ZLD002
|
| 072 |
|
7 |
|a 811.112.2
|x Němčina
|2 Konspekt
|9 11
|
| 100 |
1 |
|
|a Schönová, Ludmila,
|d 1915-
|7 jk01111094
|4 aut
|
| 245 |
1 |
0 |
|a Jak se to řekne německy
|
| 250 |
|
|
|a 1. vyd.
|
| 260 |
|
|
|a Praha :
|b Státní pedagogické nakladatelství,
|c 1975
|
| 300 |
|
|
|a 1040 s.
|
| 650 |
0 |
4 |
|a Němčina
|
| 650 |
0 |
4 |
|a slovníky německé
|
| 650 |
0 |
4 |
|a česko-německý
|
| 910 |
|
|
|a ZLD002
|
| 952 |
|
|
|0 2
|1 0
|4 0
|6 80132ČN
|7 0
|8 BOOK
|9 10931
|a UTBZL
|b UTBZL
|c 005
|d 2006-07-29
|i 60062
|l 0
|o 801.32/Č-N
|p 420010023562
|r 2019-08-25 00:00:00
|w 2019-08-25
|x 20100831
|y 01
|
| 952 |
|
|
|0 0
|1 0
|4 0
|6 80132ČN
|7 0
|8 BOOK
|9 10933
|a UTBZL
|b UTBZL
|c 030
|d 2006-07-29
|i 51658
|l 1
|o 801.32/Č-N
|p 420010026716
|r 2024-02-27 00:00:00
|s 2023-09-21
|w 2019-08-25
|x 20100831
|y 05
|
| 952 |
|
|
|0 2
|1 0
|4 0
|6 80132ČN
|7 0
|8 BOOK
|9 10934
|a UTBZL
|b UTBZL
|c 030
|d 2006-07-29
|i 51659
|l 0
|o 801.32/Č-N
|p 420010024288
|r 2019-08-25 00:00:00
|w 2019-08-25
|x 20100831
|y 05
|
| 992 |
|
|
|a BK
|b SK
|
| 999 |
|
|
|c 6589
|d 6589
|